|
|
|
|
| LEADER |
01536nam a2200301 a 4500 |
| 001 |
GR-Patra24305 |
| 008 |
080214s2007 gw g b 001 0 eng d |
| 020 |
|
|
|a 9783110193664
|
| 040 |
|
|
|a GrPaTEI
|b gre
|c GR-PaULI
|
| 040 |
|
|
|a GrPaTEI
|b gre
|c GR-PaULI
|
| 082 |
|
0 |
|a 306.44
|2 22
|
| 245 |
0 |
0 |
|a Explorations in pragmatics :
|b linguistic, cognitive and intercultural aspects ; Edited by Istvan Kecskes, Laurence R. Horn.
|
| 260 |
|
|
|a Berlin
|a New York :
|b Mouton de Gruyter,
|c 2007
|
| 300 |
|
|
|a vi, 348 σ.
|
| 490 |
1 |
|
|a Mouton series in pragmatics. 1
|
| 504 |
|
|
|a Περιλαμβάνει βιβλιογραφίες και ευρετήριο.
|
| 650 |
|
0 |
|a Pragmatics
|
| 650 |
|
4 |
|a Ρεαλισμός
|
| 700 |
1 |
|
|a Horn, Laurence R.
|
| 700 |
1 |
|
|a Kecskes, Istvan
|
| 710 |
0 |
|
|a Mouton de Gruyter
|
| 830 |
|
0 |
|1 00124306
|1 2001
|a Mouton series in pragmatics ;
|v 1
|
| 942 |
|
|
|2 ddc
|
| 952 |
|
|
|0 0
|1 0
|2 ddc
|4 0
|6 306_440000000000000_EXP
|7 0
|9 304927
|a LISK
|b LISK
|c BSC
|d 2021-01-17
|e 24
|f 1
|g 0.00
|l 0
|o 306.44 EXP
|p 92410035764
|r 2021-01-17 00:00:00
|t 1
|w 2021-01-17
|y BK15
|x 20080214 0 1
|x GrPaTEI
|
| 952 |
|
|
|0 0
|1 0
|2 ddc
|4 0
|6 306_440000000000000_EXP
|7 0
|9 304928
|a LISK
|b LISK
|c BSC
|d 2021-01-17
|e 24
|f 0
|g 0.00
|l 0
|o 306.44 EXP
|p 92410044645
|r 2021-01-17 00:00:00
|t 1
|w 2021-01-17
|y BK15
|x 20081124 0 1
|x GrPaTEI
|
| 952 |
|
|
|0 0
|1 0
|2 ddc
|4 0
|6 306_440000000000000_EXP
|7 1
|9 304929
|a LISK
|b LISK
|c BSC
|d 2021-01-17
|e 24
|f 0
|g 0.00
|l 0
|o 306.44 EXP
|p 92410035763
|r 2021-01-17 00:00:00
|t 1
|w 2021-01-17
|y BKN
|x 20080214 0 0
|x GrPaTEI
|
| 971 |
|
|
|a .b26718777
|b 15-04-20
|c 26-09-16
|
| 999 |
|
|
|c 176603
|d 176603
|